| 000 | 01243nab a22002417a 4500 | ||
|---|---|---|---|
| 999 |
_c5740 _d5740 |
||
| 003 | OSt | ||
| 005 | 20260101201630.0 | ||
| 008 | 190514b xxu||||| |||| 00| 0 spa d | ||
| 040 | _cPJ | ||
| 100 |
_94325 _aTavip, Gabriel Eugenio |
||
| 245 | 1 | 0 |
_aNulidad del matrimonio y la reapertura judicial de un debate que parecía de otro tiempo / _cGabriel E. Tavip. |
| 300 | _ap. 24-42 | ||
| 500 | _aCita: TR LALEY AR/DOC/456/2025. | ||
| 505 | _aSumario: I. Introducción.— II. El caso.— III. Los fundamentos de ambos pronunciamientos.— IV. Las aristas generales de la cuestión planteada.— V. Algunas ideas finales. | ||
| 505 | _aFallo comentado: CCiv. y Com., Lomas de Zamora, sala II ~ 17/09/2024 ~ W., M. G. c. Z., M. E. s/ nulidad acto jurídico. | ||
| 505 | _aFallo comentado: JCiv. y Com., Nro. 3, Lomas de Zamora ~ 09/11/2022 ~ W., M. G. c. Z., M. E. s/ nulidad acto jurídico. | ||
| 650 | 0 |
_9967 _aDERECHO DE FAMILIA |
|
| 650 | 0 |
_9962 _aMATRIMONIO |
|
| 650 | 0 |
_91031 _aNULIDAD DE MATRIMONIO |
|
| 650 | 0 |
_91057 _aJURISPRUDENCIA APLICABLE |
|
| 773 | 0 |
_02844 _93222 _dBuenos Aires : AbeledoPerrot, 1989- _tDerecho de familia. Revista Interdisciplinaria de doctrina y jurisprudencia. Abril 2025-II. _z18511201 |
|
| 942 |
_2udc _cANA |
||